| 000 | 01095nam a22002890a 4500 | ||
|---|---|---|---|
| 001 | PT15788 | ||
| 003 | AR-LpoUNG | ||
| 005 | 20210131232649.0 | ||
| 008 | 191001s2003||||ag |||||||||||||||||spa d | ||
| 020 |
_a950852152X _c$10 |
||
| 040 |
_aAR-LpoUNG _bspa _cAR-LpoUNG _eaacr |
||
| 041 | _aspa | ||
| 044 | _aag | ||
| 082 | 0 | _aR413.1 168dic | |
| 245 | 1 | 0 | _aDiccionario del habla de los argentinos |
| 250 | _a1º edición | ||
| 260 |
_aBuenos Aires : _bEspasa Calpe, _c2003. |
||
| 300 |
_a609 p. : _btbls., gráfs., mapas. |
||
| 520 | _aEste diccionario fue una de las primeras metas de la Academia Argentina de Letras, la obra es el resultado de un largo trabajo previo de recopilación y estudio de las variadas formas de expresión oral y escrita de nuestro pais, desde la epoca colonial al presente. Las definiciones se ilustran con citas literarias y periodisticas. | ||
| 650 | 4 | _aDICCIONARIOS | |
| 650 | 4 | _aMATERIAL DE REFERENCIA | |
| 650 | 4 | _aTERMINOLOGIA | |
| 651 | 4 | _aArgentina | |
| 710 | 2 | _aAcademia Argentina de Letras (Buenos Aires) | |
| 905 | _a15788 | ||
| 942 | _cLSALA | ||
| 999 |
_c16846 _d16846 |
||